Quizzes
Events
Quiz Creation
Community
Videos
Private Events
Remove Ads
Sign In
Join for FREE
Feedback
Dark Mode
Quiz Categories
Sports
Geography
Music
Movies
Television
Just For Fun
Miscellaneous
History
Literature
Language
Science
Gaming
Entertainment
Religion
Holiday
For Kids
Quiz Lab
Recent
Popular Today
Quiz Kudos Today
Editor Picks
Curator Picks
Quizzes by...
Day
Popularity
Type
Ratings
Length
Year
Community
Subscriptions
Recent Discussions
Orange Saloon
Badges
Playlists
Quests
Create
Leaderboards
Showdown
Live 5
Trivia Bingo
Activity
Puzzle Library
Sporcle Events
Private Events
Virtual Trivia
Globe League
Become a Host
Pub Owners
SporcleCon
Opinionation
Our Games
Videos
Blog
Mobile Apps
Partnerships
Remove Ads and Go Orange
Feedback
Movies
Disney
Marvel Cinematic Universe
Movie Resume
Movie Titles
Oscar
Actor
Actress
Director
Pixar
Role
Movie Quotes
Movie Characters
Box Office
Nominee
Best Picture
Star Wars
James Bond
Horror Movies
Movies
Disney
Marvel Cinematic Universe
Movie Resume
Movie Titles
Oscar
Actor
Actress
Director
Pixar
Role
Movie Quotes
Movie Characters
Box Office
Nominee
Best Picture
Star Wars
James Bond
Horror Movies
Random Quiz
Search Sporcle
×
Quiz Lab
Quiz Lab
Movies
Actor
Type in answers that appear in a list
Type in answers that appear in a list
Classic
Best Score? Go Orange.
Best Actor Golden Globes (Drama) Stats
Can you name the winners of the Golden Globe for Best Actor (Drama)?
By
tenniscaitlin
15m
80 Questions
688 Plays
688 Plays
688 Plays
Comments
Comments
Give Quiz Kudos
Give Quiz Kudos
-
- Ratings
hide this ad
Replay
Link that replays current quiz
Next Quiz
Link to next quiz in quiz playlist
You Got
0%
They Got
Avg Score
72%
Avg Friend Score
Upgrade to see
Score Distribution
Jump to the score distribution portion of the page
Score
0/80
Timer
15:00
0
Plays Today
Year
Actor
% Correct
2015
Leonardo DiCaprio
100%
1979
Dustin Hoffman
98.5%
1988
Dustin Hoffman
98.5%
1993
Tom Hanks
98.5%
1994
Tom Hanks
98.5%
2000
Tom Hanks
98.5%
2004
Leonardo DiCaprio
98.5%
1974
Jack Nicholson
98.4%
1975
Jack Nicholson
98.4%
2002
Jack Nicholson
98.4%
2012
Daniel Day-Lewis
98.3%
2005
Philip Seymour Hoffman
98.3%
1973
Al Pacino
98%
1992
Al Pacino
98%
1954
Marlon Brando
97.8%
1972
Marlon Brando
97.8%
2007
Daniel Day-Lewis
97.7%
1987
Michael Douglas
97.4%
2019
Joaquin Phoenix
96.9%
1980
Robert DeNiro
96.8%
2001
Russell Crowe
96.8%
2003
Sean Penn
96.8%
2010
Colin Firth
96.8%
2021
Will Smith
96%
1982
Ben Kingsley
95.9%
1956
Kirk Douglas
95.6%
1989
Tom Cruise
95.1%
1995
Nicolas Cage
95.1%
1998
Jim Carrey
95.1%
2006
Forest Whitaker
94.9%
2009
Jeff Bridges
94.9%
2008
Mickey Rourke
93.8%
2016
Casey Affleck
93.8%
1946
Gregory Peck
93%
1962
Gregory Peck
93%
1969
John Wayne
93%
2018
Rami Malek
92.2%
1981
Henry Fonda
91.3%
1997
Peter Fonda
91%
2011
George Clooney
91%
Year
Actor
% Correct
1999
Denzel Washington
90.8%
1996
Geoffrey Rush
90.7%
2014
Eddie Redmayne
90.6%
1971
Gene Hackman
89.5%
1970
George C. Scott
88.8%
2017
Gary Oldman
87.5%
1984
F. Murray Abraham
87.4%
2013
Matthew McConaughey
86.3%
1948
Laurence Olivier
85.9%
1963
Sidney Poitier
85.9%
1990
Jeremy Irons
85.2%
1976
Peter Finch
83.9%
1978
Jon Voight
82.4%
1985
Jon Voight
82.4%
1983
Robert Duvall
82%
2022
Austin Butler
81.8%
1957
Alec Guinness
80.8%
1952
Gary Cooper
78.8%
1991
Nick Nolte
78.2%
1964
Peter O'Toole
75.3%
1968
Peter O'Toole
75.3%
1967
Rod Steiger
74%
1955
Ernest Borgnine
72.2%
2020
Chadwick Boseman
71.9%
1965
Omar Sharif
70.2%
1960
Burt Lancaster
65.6%
1961
Maximilian Schell
64.7%
1977
Richard Burton
63.1%
1966
Paul Scofield
62.5%
1958
David Niven
61.3%
1950
José Ferrer
61%
1986
Bob Hoskins
57.1%
1945
Ray Milland
53.8%
1949
Broderick Crawford
49.1%
1953
Spencer Tracy
47.2%
1951
Fredric March
41.7%
1943
Paul Lukas
38.5%
1947
Ronald Colman
37.8%
1944
Alexander Knox
20.1%
1959
Anthony Franciosa
14.2%
Quiz Playlist
Details
Report
Send in Message
Add To Playlist
Classic:
Type in answers that appear in a list
Last Updated: Mar 29, 2023
Quiz Scoreboard
CHALLENGE
Sign Up to Join the Scoreboard
Show All
Scores
Hide
Comments
May contain spoilers
Recently Published
An Introduction to Baseball
by treessimontrees
Sports
5m
Movies - When Are They Set?
by FPL_Elf
Movies
5m
Popular People in 1961
by mucciniale
History
6m
More to Explore
Quiz From the Vault
Featured Blog Post
Where Did the Easter Bunny Come From?
hide this ad
You Might Also Like...
Tags
Actor Quiz
Drama
globe
gold
Golden Globes
Winner
Today's Top Quizzes in Movies
Browse Movies
hide this ad
Today's Top Quizzes in Actor
Browse Actor
Top Contributed Quizzes in Movies
1
Pick 5 Posters: Directed by Spielberg
2
Multi-Oscar Nominations, One Movie, One Winner
3
12 Movies about Fictional 1960s Events
4
One Thing in Common: Movies
5
Sunday Crossword: Film Score Composers
6
One Thing in Common: Movies II
7
Pick 5 Posters: Lowest-Rated Spielberg
8
Three Word 'H' Movies Match Up
9
Three Word 'T' Movies Match Up
10
7-to-1: Pixar Characters
Explore More
Trending Topics
Kpop
Harry Potter
Disney
NBA
Anime
Marvel
Crossword
The Office
Pokémon
Soccer
Song
Puzzle
WWE
NFL
Country
hide this ad
More By:
tenniscaitlin
Quiz
Plays
Rating
Category
Featured
Created
Every Best Picture Oscar Nominee (1973-Present)
9,840
4.14
Movies
Nov 9, 2013
Best Actor Nominations (1970-Present)
5,886
4.51
Movies
Feb 18, 2011
100 Greatest Movies of the 70's
3,596
4.54
Movies
May 10, 2010
Parks and Recreation Clickable Quotes
3,354
4.79
Television
Feb 18, 2013
100 Greatest Movies of the 60's
2,352
4.08
Movies
May 10, 2010
Go to Creator's Profile
Score Distribution
Quiz Creator Spotlight
tenniscaitlin
Follow
Send a Message
Quizzes Created
-
Created Quiz Play Count
-
More By This Creator
Popular Quizzes Today
1
Find the Countries of Europe - No Outlines Minefield
2
Find the US States - No Outlines Minefield
3
The Countries of the World
4
Popular People in 1961
5
US States
6
1-10 Letter E Words III
7
Find the US States
8
One Thing in Common: World Cities II
More Movies Quizzes
MCU Villain By First Words
Quiz Lab
Trending Quizzes
Risky Map Clicking: Least Populous States A-Z
1-10 Letter F Words
1-10 Letter G Words
One Thing in Common: United Kingdom
Risky Map Clicking: Next State Alphabetically
Recently Updated
Leaping Animals
pecheneg
Reality TV Shows (A-Z)
bhenderson79
Rickey Henderson's Hall of Fame Teammates
pecheneg
Champions League XIs: Arsenal
pecheneg
Quick Pick: Celebrities in WWE's Hall of Fame
aduchscher
A-Z Keypad Blitz II
pecheneg
Multiple Oscar Actors
pecheneg
Mystery Phrase Blitz: Oscar 'Best Actors'
pecheneg
F. Scott Fitzgerald Novels
LTH
Pick 3 Villains
ddd62291
Trending Topics
Anime
NBA
Harry Potter
Kpop
Disney
Crossword
Marvel
WWE
NFL
Soccer
Puzzle
Pokémon
Song
The Office
Country
Your Account Isn't Verified!
In order to create a playlist on Sporcle, you need to verify the email address you used during registration. Go to your
Sporcle Settings
to finish the process.
Report this User
Report this user for behavior that violates our
Community Guidelines
.
Details:
Send Report
Go to the Sporcle.com Mobile Site →
Comments